<?xml version="1.0" encoding="UTF-8"?>
<record
    xmlns:xsi="http://www.w3.org/2001/XMLSchema-instance"
    xsi:schemaLocation="http://www.loc.gov/MARC21/slim http://www.loc.gov/standards/marcxml/schema/MARC21slim.xsd"
    xmlns="http://www.loc.gov/MARC21/slim">

  <leader>00728nam a22002177a 4500</leader>
  <datafield tag="999" ind1=" " ind2=" ">
    <subfield code="c">159138</subfield>
    <subfield code="d">159138</subfield>
  </datafield>
  <controlfield tag="005">20181204171252.0</controlfield>
  <controlfield tag="006">a|||||f|||| 00| 0 </controlfield>
  <controlfield tag="007">tc</controlfield>
  <controlfield tag="008">180720b        xxu||||| |||| 00| 0 eng d</controlfield>
  <datafield tag="010" ind1=" " ind2=" ">
    <subfield code="a">B-089965-B-089980</subfield>
  </datafield>
  <datafield tag="020" ind1=" " ind2=" ">
    <subfield code="c">232.00(per set)</subfield>
  </datafield>
  <datafield tag="035" ind1=" " ind2=" ">
    <subfield code="a">B-089965</subfield>
  </datafield>
  <datafield tag="037" ind1=" " ind2=" ">
    <subfield code="b">A.I.C.B.</subfield>
  </datafield>
  <datafield tag="082" ind1=" " ind2=" ">
    <subfield code="a">880</subfield>
  </datafield>
  <datafield tag="245" ind1=" " ind2=" ">
    <subfield code="a">Contremporary English-II</subfield>
    <subfield code="b">: an anthology for B.A.</subfield>
  </datafield>
  <datafield tag="260" ind1=" " ind2=" ">
    <subfield code="a">Delhi</subfield>
    <subfield code="b">A.C.I.B.</subfield>
    <subfield code="c">N.D.</subfield>
  </datafield>
  <datafield tag="270" ind1=" " ind2=" ">
    <subfield code="a">Sector-5, Rohini, </subfield>
    <subfield code="b">New Delhi</subfield>
    <subfield code="e">110085</subfield>
  </datafield>
  <datafield tag="300" ind1=" " ind2=" ">
    <subfield code="a">4V., various pages.</subfield>
    <subfield code="c">30cm(HB).</subfield>
  </datafield>
  <datafield tag="942" ind1=" " ind2=" ">
    <subfield code="2">ddc</subfield>
    <subfield code="c">BRLEN</subfield>
    <subfield code="h">880</subfield>
    <subfield code="m">CON</subfield>
  </datafield>
  <datafield tag="952" ind1=" " ind2=" ">
    <subfield code="0">0</subfield>
    <subfield code="1">0</subfield>
    <subfield code="3">V.- 1</subfield>
    <subfield code="4">0</subfield>
    <subfield code="7">0</subfield>
    <subfield code="8">NFIC</subfield>
    <subfield code="a">BRL</subfield>
    <subfield code="b">BRL</subfield>
    <subfield code="d">2005-07-05</subfield>
    <subfield code="e">2197/05-07-2005</subfield>
    <subfield code="g">232.00</subfield>
    <subfield code="l">0</subfield>
    <subfield code="o">880 CON</subfield>
    <subfield code="p">B-089965</subfield>
    <subfield code="r">2018-12-04 00:00:00</subfield>
    <subfield code="t">1</subfield>
    <subfield code="w">2018-12-04</subfield>
    <subfield code="y">BRLEN</subfield>
  </datafield>
  <datafield tag="952" ind1=" " ind2=" ">
    <subfield code="0">0</subfield>
    <subfield code="1">0</subfield>
    <subfield code="3">V.- 2</subfield>
    <subfield code="4">0</subfield>
    <subfield code="7">0</subfield>
    <subfield code="8">NFIC</subfield>
    <subfield code="a">BRL</subfield>
    <subfield code="b">BRL</subfield>
    <subfield code="d">2005-07-05</subfield>
    <subfield code="e">2197/05-07-2005</subfield>
    <subfield code="g">232.00</subfield>
    <subfield code="l">0</subfield>
    <subfield code="o">880 CON</subfield>
    <subfield code="p">B-089966</subfield>
    <subfield code="r">2018-12-04 00:00:00</subfield>
    <subfield code="t">1</subfield>
    <subfield code="y">BRLEN</subfield>
  </datafield>
  <datafield tag="952" ind1=" " ind2=" ">
    <subfield code="0">0</subfield>
    <subfield code="1">0</subfield>
    <subfield code="3">V.- 3</subfield>
    <subfield code="4">0</subfield>
    <subfield code="7">0</subfield>
    <subfield code="8">NFIC</subfield>
    <subfield code="a">BRL</subfield>
    <subfield code="b">BRL</subfield>
    <subfield code="d">2005-07-05</subfield>
    <subfield code="e">2197/05-07-2005</subfield>
    <subfield code="g">232.00</subfield>
    <subfield code="l">0</subfield>
    <subfield code="o">880 CON</subfield>
    <subfield code="p">B-089967</subfield>
    <subfield code="r">2018-12-04 00:00:00</subfield>
    <subfield code="t">1</subfield>
    <subfield code="y">BRLEN</subfield>
  </datafield>
  <datafield tag="952" ind1=" " ind2=" ">
    <subfield code="0">0</subfield>
    <subfield code="1">0</subfield>
    <subfield code="3">V.- 4</subfield>
    <subfield code="4">0</subfield>
    <subfield code="7">0</subfield>
    <subfield code="8">NFIC</subfield>
    <subfield code="a">BRL</subfield>
    <subfield code="b">BRL</subfield>
    <subfield code="d">2005-07-05</subfield>
    <subfield code="e">2197/05-07-2005</subfield>
    <subfield code="g">232.00</subfield>
    <subfield code="l">0</subfield>
    <subfield code="o">880 CON</subfield>
    <subfield code="p">B-089968</subfield>
    <subfield code="r">2018-12-04 00:00:00</subfield>
    <subfield code="t">1</subfield>
    <subfield code="y">BRLEN</subfield>
  </datafield>
  <datafield tag="952" ind1=" " ind2=" ">
    <subfield code="0">0</subfield>
    <subfield code="1">0</subfield>
    <subfield code="3">V.- 1</subfield>
    <subfield code="4">0</subfield>
    <subfield code="7">0</subfield>
    <subfield code="8">NFIC</subfield>
    <subfield code="a">BRL</subfield>
    <subfield code="b">BRL</subfield>
    <subfield code="d">2005-07-05</subfield>
    <subfield code="e">2197/05-07-2005</subfield>
    <subfield code="g">232.00</subfield>
    <subfield code="l">0</subfield>
    <subfield code="o">880 CON</subfield>
    <subfield code="p">B-089969</subfield>
    <subfield code="r">2018-12-04 00:00:00</subfield>
    <subfield code="t">1</subfield>
    <subfield code="w">2018-12-04</subfield>
    <subfield code="y">BRLEN</subfield>
  </datafield>
  <datafield tag="952" ind1=" " ind2=" ">
    <subfield code="0">0</subfield>
    <subfield code="1">0</subfield>
    <subfield code="3">V.- 2</subfield>
    <subfield code="4">0</subfield>
    <subfield code="7">0</subfield>
    <subfield code="8">NFIC</subfield>
    <subfield code="a">BRL</subfield>
    <subfield code="b">BRL</subfield>
    <subfield code="d">2005-07-05</subfield>
    <subfield code="e">2197/05-07-2005</subfield>
    <subfield code="g">232.00</subfield>
    <subfield code="l">0</subfield>
    <subfield code="o">880 CON</subfield>
    <subfield code="p">B-089970</subfield>
    <subfield code="r">2018-12-04 00:00:00</subfield>
    <subfield code="t">1</subfield>
    <subfield code="y">BRLEN</subfield>
  </datafield>
  <datafield tag="952" ind1=" " ind2=" ">
    <subfield code="0">0</subfield>
    <subfield code="1">0</subfield>
    <subfield code="3">V.- 3</subfield>
    <subfield code="4">0</subfield>
    <subfield code="7">0</subfield>
    <subfield code="8">NFIC</subfield>
    <subfield code="a">BRL</subfield>
    <subfield code="b">BRL</subfield>
    <subfield code="d">2005-07-05</subfield>
    <subfield code="e">2197/05-07-2005</subfield>
    <subfield code="g">232.00</subfield>
    <subfield code="l">0</subfield>
    <subfield code="o">880 CON</subfield>
    <subfield code="p">B-089971</subfield>
    <subfield code="r">2018-12-04 00:00:00</subfield>
    <subfield code="t">1</subfield>
    <subfield code="y">BRLEN</subfield>
  </datafield>
  <datafield tag="952" ind1=" " ind2=" ">
    <subfield code="0">0</subfield>
    <subfield code="1">0</subfield>
    <subfield code="3">V.- 4</subfield>
    <subfield code="4">0</subfield>
    <subfield code="7">0</subfield>
    <subfield code="8">NFIC</subfield>
    <subfield code="a">BRL</subfield>
    <subfield code="b">BRL</subfield>
    <subfield code="d">2005-07-05</subfield>
    <subfield code="e">2197/05-07-2005</subfield>
    <subfield code="g">232.00</subfield>
    <subfield code="l">0</subfield>
    <subfield code="o">880 CON</subfield>
    <subfield code="p">B-089972</subfield>
    <subfield code="r">2018-12-04 00:00:00</subfield>
    <subfield code="t">1</subfield>
    <subfield code="y">BRLEN</subfield>
  </datafield>
  <datafield tag="952" ind1=" " ind2=" ">
    <subfield code="0">0</subfield>
    <subfield code="1">0</subfield>
    <subfield code="3">V.- 1</subfield>
    <subfield code="4">0</subfield>
    <subfield code="7">0</subfield>
    <subfield code="8">NFIC</subfield>
    <subfield code="a">BRL</subfield>
    <subfield code="b">BRL</subfield>
    <subfield code="d">2005-07-05</subfield>
    <subfield code="e">2197/05-07-2005</subfield>
    <subfield code="g">232.00</subfield>
    <subfield code="l">0</subfield>
    <subfield code="o">880 CON</subfield>
    <subfield code="p">B-089973</subfield>
    <subfield code="r">2018-12-04 00:00:00</subfield>
    <subfield code="t">1</subfield>
    <subfield code="w">2018-12-04</subfield>
    <subfield code="y">BRLEN</subfield>
  </datafield>
  <datafield tag="952" ind1=" " ind2=" ">
    <subfield code="0">0</subfield>
    <subfield code="1">0</subfield>
    <subfield code="3">V.- 2</subfield>
    <subfield code="4">0</subfield>
    <subfield code="7">0</subfield>
    <subfield code="8">NFIC</subfield>
    <subfield code="a">BRL</subfield>
    <subfield code="b">BRL</subfield>
    <subfield code="d">2005-07-05</subfield>
    <subfield code="e">2197/05-07-2005</subfield>
    <subfield code="g">232.00</subfield>
    <subfield code="l">0</subfield>
    <subfield code="o">880 CON</subfield>
    <subfield code="p">B-089974</subfield>
    <subfield code="r">2018-12-04 00:00:00</subfield>
    <subfield code="t">1</subfield>
    <subfield code="y">BRLEN</subfield>
  </datafield>
  <datafield tag="952" ind1=" " ind2=" ">
    <subfield code="0">0</subfield>
    <subfield code="1">0</subfield>
    <subfield code="3">V.- 3</subfield>
    <subfield code="4">0</subfield>
    <subfield code="7">0</subfield>
    <subfield code="8">NFIC</subfield>
    <subfield code="a">BRL</subfield>
    <subfield code="b">BRL</subfield>
    <subfield code="d">2005-07-05</subfield>
    <subfield code="e">2197/05-07-2005</subfield>
    <subfield code="g">232.00</subfield>
    <subfield code="l">0</subfield>
    <subfield code="o">880 CON</subfield>
    <subfield code="p">B-089975</subfield>
    <subfield code="r">2018-12-04 00:00:00</subfield>
    <subfield code="t">1</subfield>
    <subfield code="y">BRLEN</subfield>
  </datafield>
  <datafield tag="952" ind1=" " ind2=" ">
    <subfield code="0">0</subfield>
    <subfield code="1">0</subfield>
    <subfield code="3">V.- 4</subfield>
    <subfield code="4">0</subfield>
    <subfield code="7">0</subfield>
    <subfield code="8">NFIC</subfield>
    <subfield code="a">BRL</subfield>
    <subfield code="b">BRL</subfield>
    <subfield code="d">2005-07-05</subfield>
    <subfield code="e">2197/05-07-2005</subfield>
    <subfield code="g">232.00</subfield>
    <subfield code="l">0</subfield>
    <subfield code="o">880 CON</subfield>
    <subfield code="p">B-089976</subfield>
    <subfield code="r">2018-12-04 00:00:00</subfield>
    <subfield code="t">1</subfield>
    <subfield code="y">BRLEN</subfield>
  </datafield>
  <datafield tag="952" ind1=" " ind2=" ">
    <subfield code="0">0</subfield>
    <subfield code="1">0</subfield>
    <subfield code="3">V.- 1</subfield>
    <subfield code="4">0</subfield>
    <subfield code="7">0</subfield>
    <subfield code="8">NFIC</subfield>
    <subfield code="a">BRL</subfield>
    <subfield code="b">BRL</subfield>
    <subfield code="d">2005-07-05</subfield>
    <subfield code="e">2197/05-07-2005</subfield>
    <subfield code="g">232.00</subfield>
    <subfield code="l">0</subfield>
    <subfield code="o">880 CON</subfield>
    <subfield code="p">B-089977</subfield>
    <subfield code="r">2018-12-04 00:00:00</subfield>
    <subfield code="t">1</subfield>
    <subfield code="w">2018-12-04</subfield>
    <subfield code="y">BRLEN</subfield>
  </datafield>
  <datafield tag="952" ind1=" " ind2=" ">
    <subfield code="0">0</subfield>
    <subfield code="1">0</subfield>
    <subfield code="3">V.- 2</subfield>
    <subfield code="4">0</subfield>
    <subfield code="7">0</subfield>
    <subfield code="8">NFIC</subfield>
    <subfield code="a">BRL</subfield>
    <subfield code="b">BRL</subfield>
    <subfield code="d">2005-07-05</subfield>
    <subfield code="e">2197/05-07-2005</subfield>
    <subfield code="g">232.00</subfield>
    <subfield code="l">0</subfield>
    <subfield code="o">880 CON</subfield>
    <subfield code="p">B-089978</subfield>
    <subfield code="r">2018-12-04 00:00:00</subfield>
    <subfield code="t">1</subfield>
    <subfield code="y">BRLEN</subfield>
  </datafield>
  <datafield tag="952" ind1=" " ind2=" ">
    <subfield code="0">0</subfield>
    <subfield code="1">0</subfield>
    <subfield code="3">V.- 3</subfield>
    <subfield code="4">0</subfield>
    <subfield code="7">0</subfield>
    <subfield code="8">NFIC</subfield>
    <subfield code="a">BRL</subfield>
    <subfield code="b">BRL</subfield>
    <subfield code="d">2005-07-05</subfield>
    <subfield code="e">2197/05-07-2005</subfield>
    <subfield code="g">232.00</subfield>
    <subfield code="l">0</subfield>
    <subfield code="o">880 CON</subfield>
    <subfield code="p">B-089979</subfield>
    <subfield code="r">2018-12-04 00:00:00</subfield>
    <subfield code="t">1</subfield>
    <subfield code="y">BRLEN</subfield>
  </datafield>
  <datafield tag="952" ind1=" " ind2=" ">
    <subfield code="0">0</subfield>
    <subfield code="1">0</subfield>
    <subfield code="3">V.- 4</subfield>
    <subfield code="4">0</subfield>
    <subfield code="7">0</subfield>
    <subfield code="8">NFIC</subfield>
    <subfield code="a">BRL</subfield>
    <subfield code="b">BRL</subfield>
    <subfield code="d">2005-07-05</subfield>
    <subfield code="e">2197/05-07-2005</subfield>
    <subfield code="g">232.00</subfield>
    <subfield code="l">0</subfield>
    <subfield code="o">880 CON</subfield>
    <subfield code="p">B-089980</subfield>
    <subfield code="r">2018-12-04 00:00:00</subfield>
    <subfield code="t">1</subfield>
    <subfield code="y">BRLEN</subfield>
  </datafield>
</record>
